000 00657nam a2200193Ia 4500
003 GCL
008 140319s9999 xx 000 0 ara d
040 _aGCL /
_cGCL
082 0 4 _a895.6
_bف ن
100 1 _aفوكازاوا، شيتشير
245 1 0 _aنار اياما: رواية يابانية (هدية من الاديب عبدالفتاح الجمل) /
_cفوكازاوا، شيتشير
700 1 _aمحمد على اليوسفى (مترجم)
300 _a65 ص
490 _a
650 0 4 _aالادب اليابانى
650 0 4 _aالادب اليابانى المترجم
650 0 4 _aالقصة اليابانية
942 _2ddc
_cBK
999 _c38464
_d38464